000 00288nam a2200133Ia 4500
100 _aTripathi/P.C.
650 _aProduction.
942 _cBK
245 _aPrinciples Of Management.
260 _bTata McGraw Hill
_aNew Delhi.
082 _a658/TRI
300 _a323
546 _aENGLISH
999 _c18066
_d18066